|
|
|
|
| LEADER |
01463nam a2200301 a 4500 |
| 001 |
2429504 |
| 008 |
100412s1987 enk b 001 0 eng d |
| 010 |
|
|
|a 87171101
|
| 020 |
|
|
|a 0140444475 (pbk.)
|
| 040 |
|
|
|a DLC
|c DLC
|d DLC
|d DB-DhAAL
|
| 082 |
0 |
0 |
|a 184
|2 19
|
| 100 |
0 |
|
|a Plato.
|
| 240 |
1 |
0 |
|a Dialogues.
|l English.
|k Selections
|
| 245 |
1 |
0 |
|a Early Socratic dialogues /
|c Plato ; edited with a general introduction by Trevor J. Saunders.
|
| 260 |
|
|
|a Harmondsworth, Middlesex, England ;
|a New York, N.Y., U.S.A. :
|b Penguin Books,
|c 1987.
|
| 300 |
|
|
|a 395 p. ;
|c 20 cm.
|
| 490 |
0 |
|
|a Penguin classics
|
| 500 |
|
|
|a Works translated from the Greek.
|
| 500 |
|
|
|a "A Penguin original."
|
| 504 |
|
|
|a Includes bibliography: (p. 381-392) and index.
|
| 541 |
1 |
|
|e 00014197
|
| 505 |
0 |
|
|a Ion / translated and introduced by Trevor J. Saunders -- Laches / translated and introduced by Iain Lane -- Lysis, Charmides / translated and introduced by Donald Watt -- Hippias Major, Hippias Minor, Euthydemus / translated and introduced by Robin Waterfield -- Some fragments of Aeschines of Sphettus / translated by Trevor J. Saunders.
|
| 650 |
|
0 |
|a Philosophy.
|
| 600 |
0 |
0 |
|a Socrates.
|
| 700 |
1 |
|
|a Saunders, Trevor J.,
|d 1934-
|
| 852 |
4 |
|
|a Ayesha Abed Library
|j General Shelf.
|
| 999 |
|
|
|c 8096
|d 8096
|
| 952 |
|
|
|0 0
|1 0
|2 ddc
|4 0
|6 184_PLA_198700000000000
|7 0
|9 9219
|a BRACUL
|b BRACUL
|c GEN
|d 2010-04-13
|l 10
|m 69
|o 184 PLA
|p 3010014197
|q 2026-06-02
|r 2026-05-20
|s 2026-05-20
|t 1
|w 2010-04-13
|y BK
|